| 000 | 00846nam a2200253Ia 4500 | ||
|---|---|---|---|
| 003 | OSt | ||
| 005 | 20220926004918.0 | ||
| 006 | a|||||r|||| 00| 0 | ||
| 007 | ta | ||
| 008 | 220923b |||||||| |||| 00| 0 eng d | ||
| 020 |
_a817829575X _c335.75 |
||
| 037 |
_bRKBA/06-07/2902, 17/09/2007, RAJKIRAN BOOK AGENCY _cGeneral Book |
||
| 040 |
_aRTL _cRTL _beng |
||
| 041 |
_2eng _aeng |
||
| 082 | _aX36.2, P6/TD | ||
| 100 |
_aDesai Ashok V _920825 |
||
| 245 | 0 |
_aIndia's telecommunications industry _b History, analysis, diagnosis |
|
| 260 |
_a New Delhi _bSage _c2006 |
||
| 300 |
_a293p _ccm. |
||
| 500 | _aBibliography P 281-286; Appendix P 161-280 | ||
| 650 |
_aSociolology _9230864 |
||
| 942 |
_hX36.2, P6/TD _cGB _2CC |
||
| 999 |
_c612569 _d612569 |
||